|
|
|
|
| LEADER |
00000cam a2200000 7i4500 |
| 001 |
0000055046 |
| 005 |
20151115.0 |
| 008 |
151116 |
| 020 |
|
|
|a 9832406188
|
| 090 |
0 |
0 |
|a 580.73
|b HBH
|
| 100 |
1 |
|
|a HB hasan, M.Rahimi, Latifah Hamzah
|
| 245 |
1 |
0 |
|a Botanikal III
|c HB hasan, M.Rahimi, Latifah Hamzah
|
| 260 |
|
|
|a Vancouver, Canada :
|b Intelligent Genie Publication ,
|c 2001
|
| 300 |
|
|
|a 16pg
|
| 500 |
|
|
|a Includes Index & Glossary
|
| 650 |
|
0 |
|a Plants
|x Encyclopedia
|
| 650 |
|
0 |
|a Plants
|x Environmental aspects
|
| 999 |
|
|
|a 0000824957
|b Book
|c Adult Collection
|e Cawangan Segamat
|
| 999 |
|
|
|a 0000824958
|b Book
|c Adult Collection
|e Cawangan Segamat
|
| 999 |
|
|
|a 0000888231
|b Book
|c Adult Collection
|e Cawangan Segamat
|
| 999 |
|
|
|a 0000888232
|b Book
|c Adult Collection
|e Cawangan Bandar Penawar
|